[Event "AUTO-ADV-152"]
[Site "http://www.queenalice.com/game.php?id=59739"]
[Date "2006.3.27"]
[Round "1"]
[White "mymt"]
[Black "araujoime"]
[Result "1-0"]
[WhiteElo "1687"]
[BlackElo "1473"]

1. e4 e6 2. d4 Qf6 3. Nf3 d6 4. Bg5 Qg6 5. e5 dxe5 6. dxe5 Nc6 7. Bb5 Bd7 8. Nc3
h6 9. Bd3 Qh5 10. Bf4 g5 11. Bg3 f5 12. exf6 g4 13. Nh4 Nxf6 14. Bg6+ Qxg6 15.
Nxg6 Rg8 16. Nxf8 Rxf8 17. Bxc7 Rc8 18. Bd6 Rg8 19. Qd2 Rh8 20. O-O-O Na5 21.
Rhe1 a6 22. Nd5 Nxd5 23. Qxd5 Nc6 24. Rxe6+ Bxe6 25. Qxe6+ Kd8 26. Be5+ Nd4 27.
Rxd4# 1-0

[Event "AUTO-ADV-152"]
[Site "http://www.queenalice.com/game.php?id=59744"]
[Date "2006.3.27"]
[Round "1"]
[White "din4"]
[Black "mymt"]
[Result "0-1"]
[WhiteElo "1386"]
[BlackElo "1708"]

1. d4 Nf6 2. f3 c5 3. dxc5 Qa5+ 4. c3 Qxc5 5. b4 Qc7 6. Nh3 d5 7. Bf4 e5 8. Bg3
Bd6 9. Bh4 Nbd7 10. Qa4 O-O 11. Qb5 d4 12. Qd3 dxc3 13. Nxc3 Bxb4 14. Rc1 Qa5
15. Bg5 Nd5 16. Bd2 Nxc3 17. Bxc3 Bxc3+ 18. Rxc3 Nb6 19. Ng5 g6 20. a3 Na4 21.
Ne4 Bf5 22. Kf2 Nxc3 23. Qxc3 Qb6+ 24. Nc5 Rac8 25. Qb4 Qxc5+ 26. Kg3 Qxb4 27.
axb4 Rc1 28. e4 Be6 29. h3 Bc4 30. Bxc4 Rxh1 31. f4 exf4+ 32. Kxf4 Kg7 33. Ke5
Rd1 34. Bd5 f5 35. Bxb7 fxe4 36. Bxe4 Re8+ 37. Kf4 Rd4 38. Kg5 Rdxe4 39. g4
R8e5+ 40. Kh4 Re3 41. b5 g5+ 42. Kh5 Rxh3# 0-1

[Event "AUTO-ADV-152"]
[Site "http://www.queenalice.com/game.php?id=59745"]
[Date "2006.3.27"]
[Round "1"]
[White "mymt"]
[Black "din4"]
[Result "1-0"]
[WhiteElo "1704"]
[BlackElo "1388"]

1. e4 e5 2. d4 Nc6 3. Nf3 d6 4. Bc4 Qf6 5. c3 Bg4 6. Qb3 Na5 7. Qb5+ c6 8. Qxa5
Bxf3 9. gxf3 Qxf3 10. Rg1 Qxe4+ 11. Be3 g6 12. Qc7 Be7 13. Qxb7 Rd8 14. Nd2 Qf5
15. Qxc6+ Rd7 16. Bb5 Nf6 17. Bh6 exd4 18. O-O-O Ng4 19. Qc8+ Bd8 20. Rge1+ Ne3
21. cxd4 Qxb5 22. Rxe3+ Re7 23. Rxe7+ Kxe7 24. Re1+ Kf6 25. Ne4+ Ke7 26. Ng5+
Kf6 27. Re6+ Kf5 28. Re5+ Kf4 29. Re4# 1-0

[Event "AUTO-ADV-146"]
[Site "http://www.queenalice.com/game.php?id=98273"]
[Date "2006.8.22"]
[Round "2"]
[White "diego2907"]
[Black "mymt"]
[Result "0-1"]
[WhiteElo "1707"]
[BlackElo "1746"]

1. e4 c5 2. Bc4 e6 3. Nf3 d5 4. exd5 exd5 5. Be2 Nf6 6. c3 Bd6 7. h3 Nc6 8. d4
b6 9. Bg5 h6 10. Be3 O-O 11. Qd2 Ne4 12. Qc1 Re8 13. Nbd2 Ng3 14. fxg3 Rxe3 15.
Nf1 Re8 16. Qd2 Qc7 17. O-O-O cxd4 18. Nxd4 Nxd4 19. Qxd4 Rxe2 20. Rd2 Re5 21.
Ne3 Bb7 22. g4 Bc5 23. Nxd5 Bxd5 24. Qa4 Be3 25. Rd1 Be4 26. Qb3 Rd8 27. c4 Rxd2
28. Rxd2 Bxd2+ 29. Kxd2 Qd8+ 30. Kc1 Bg6 31. Qc3 Qg5+ 32. Kd1 Qf4 33. c5 Qf1+
34. Kd2 Qe1# 0-1

[Event "AUTO-ADV-146"]
[Site "http://www.queenalice.com/game.php?id=98274"]
[Date "2006.8.22"]
[Round "2"]
[White "mymt"]
[Black "diego2907"]
[Result "1-0"]
[WhiteElo "1730"]
[BlackElo "1725"]

1. e4 e5 2. d4 exd4 3. Nf3 c5 4. c3 dxc3 5. Bc4 f6 6. O-O cxb2 7. Bxb2 d6 8. Re1
Nh6 9. Qb3 Nc6 10. Bc3 Bg4 11. Qxb7 Rc8 12. Bb5 Bd7 13. Bxc6 Bxc6 14. Qb2 Be7
15. Nbd2 O-O 16. Rad1 a6 17. e5 dxe5 18. Nc4 Qc7 19. Nfxe5 fxe5 20. Bxe5 Qb7 21.
Qxb7 Bxb7 22. Rd7 Bh4 23. Rxg7+ Kh8 24. Rg5+ Rf6 25. Bxf6# 1-0

[Event "AUTO-ADV-146"]
[Site "http://www.queenalice.com/game.php?id=98275"]
[Date "2006.8.22"]
[Round "2"]
[White "altair"]
[Black "mymt"]
[Result "0-1"]
[WhiteElo "1679"]
[BlackElo "1813"]

1. e4 c5 2. Bc4 e6 3. d3 d5 4. Bb3 d4 5. Bf4 Nc6 6. Nf3 Nge7 7. Nbd2 Ng6 8. Bg5
Be7 9. Bxe7 Qxe7 10. Nc4 b5 11. Na3 Rb8 12. c4 dxc3 13. bxc3 c4 14. Nc2 cxb3 15.
axb3 e5 16. h3 O-O 17. O-O Be6 18. Ne3 Rbd8 19. d4 exd4 20. cxd4 Nxd4 21. Nxd4
Qb4 22. Nec2 Qc3 23. Nxb5 Qxb3 24. Qb1 Qd3 25. Ncd4 Qd2 26. Rd1 Qg5 27. Nxa7
Bxh3 28. g3 Qg4 29. Nac6 Rd6 30. Kh2 Rxc6 31. Nxc6 Qf3 32. Rg1 Qh5 33. Rh1 Nf4
34. gxf4 Bd7+ 35. Kg2 Qg4+ 36. Kf1 Bxc6 37. Qd3 Qxf4 38. Re1 Qe5 39. Qe3 Rd8 40.
f3 Qg3 41. Qb6 Qxf3+ 42. Kg1 Rc8 43. Qe3 Qg4+ 44. Kf2 Bb5 45. Rd1 h5 46. Rhg1
Rc2+ 47. Rd2 Rxd2+ 48. Qxd2 Qxe4 49. Qg5 Qe2+ 50. Kg3 Bc6 51. Rc1 Qg2+ 52. Kh4
Qh2# 0-1

[Event "AUTO-ADV-146"]
[Site "http://www.queenalice.com/game.php?id=98276"]
[Date "2006.8.22"]
[Round "2"]
[White "mymt"]
[Black "altair"]
[Result "1-0"]
[WhiteElo "1760"]
[BlackElo "1687"]

1. e4 e5 2. d4 exd4 3. Nf3 c5 4. c3 d6 5. Bc4 h6 6. O-O Nf6 7. Qb3 Qd7 8. Re1
Kd8 9. e5 Ng4 10. e6 fxe6 11. Bxe6 Qc7 12. Bxc8 Kxc8 13. Re8+ Kd7 14. Qe6+ Kc6
15. Rc8 Qxc8 16. Qxc8+ Kb6 17. Qxg4 dxc3 18. Nxc3 Nc6 19. Nd5+ Ka6 20. Qa4+ Na5
21. Bd2 b6 22. Bxa5 bxa5 23. Qc6# 1-0

[Event "AUTO-ADV-152"]
[Site "http://www.queenalice.com/game.php?id=108064"]
[Date "2006.9.20"]
[Round "2"]
[White "aarongale"]
[Black "mymt"]
[Result "0-1"]
[WhiteElo "1875"]
[BlackElo "1794"]

1. e4 c5 2. Nf3 d6 3. Bc4 e6 4. O-O d5 5. exd5 exd5 6. Bb3 a6 7. c4 d4 8. d3 Nf6
9. Bg5 Be7 10. Re1 O-O 11. Nh4 Nc6 12. f4 h6 13. Bxf6 Bxf6 14. Nf3 Qc7 15. g3
Bf5 16. Na3 Nb4 17. Bc2 Rfe8 18. b3 Re3 19. Rxe3 dxe3 20. Qe2 Bxa1 21. Qxe3 Kf8
22. Kg2 Re8 23. Qc1 Bc3 24. Nb1 Re2+ 25. Kf1 Rxc2 26. Qe3 Bxd3+ 27. Kg1 Re2 28.
Qc1 Qc6 29. Nxc3 Qxf3 30. Nxe2 Qxe2 0-1

[Event "AUTO-ADV-152"]
[Site "http://www.queenalice.com/game.php?id=108065"]
[Date "2006.9.20"]
[Round "2"]
[White "mymt"]
[Black "aarongale"]
[Result "1-0"]
[WhiteElo "1781"]
[BlackElo "1703"]

1. e4 g6 2. d4 Bg7 3. Nc3 d6 4. Be3 c5 5. Bc4 b6 6. dxc5 bxc5 7. Qd5 Qb6 8.
Qxf7+ Kd8 9. Qxg7 Qxb2 10. Rb1 Qxc2 11. Qxh8 Kd7 12. Nge2 Nf6 13. O-O Bb7 14.
Rxb7+ 1-0

[Event "AUTO-ADV-152"]
[Site "http://www.queenalice.com/game.php?id=108066"]
[Date "2006.9.20"]
[Round "2"]
[White "ktk"]
[Black "mymt"]
[Result "0-1"]
[WhiteElo "1475"]
[BlackElo "1773"]

1. b4 e5 2. b5 Bc5 3. Bb2 d6 4. h3 Nf6 5. e3 Be6 6. d4 exd4 7. exd4 Bb6 8. Nf3
O-O 9. g4 Re8 10. Be2 Bc4 11. Ne5 Bxe2 12. Qxe2 dxe5 13. g5 exd4 0-1

[Event "AUTO-ADV-152"]
[Site "http://www.queenalice.com/game.php?id=108067"]
[Date "2006.9.20"]
[Round "2"]
[White "mymt"]
[Black "ktk"]
[Result "1-0"]
[WhiteElo "1777"]
[BlackElo "1471"]

1. e4 c5 2. d4 cxd4 3. Nf3 e5 4. c3 dxc3 5. Nxc3 Nc6 6. Bc4 h6 7. O-O Bc5 8.
Bxf7+ Kxf7 9. Qd5+ Ke8 10. Qxc5 d6 11. Qb5 a6 12. Qb3 b5 13. h3 g5 14. Rd1 g4
15. Qd5 Nge7 16. Qxd6 gxf3 17. Qf6 1-0

[Event "Let's Play Chess!"]
[Site "http://www.queenalice.com/game.php?id=385556"]
[Date "2008.4.12"]
[Round "-"]
[White "BobySponja"]
[Black "mymt"]
[Result "0-1"]
[WhiteElo "1786"]
[BlackElo "1864"]

1. e4 c5 2. Bc4 e6 3. Nf3 a6 4. a3 b5 5. Be2 Bb7 6. d3 d5 7. c3 dxe4 8. dxe4
Qxd1+ 9. Bxd1 Bxe4 10. O-O g6 11. Be3 Nd7 12. Nbd2 Bb7 13. Bc2 Bg7 14. Ne4 Bf8
15. Ng3 Ngf6 16. Ng5 Bg7 17. Rfd1 O-O 18. Bf4 c4 19. Bd6 Rfe8 20. h4 Nb6 21. Rd2
Nbd5 22. Be5 h6 23. Bxf6 Bxf6 24. Nf3 Nf4 25. Bd1 Rad8 26. Rxd8 Rxd8 27. Nf1 Nd3
28. Rb1 Be4 29. Ne3 Nf4 30. g3 Bxb1 31. gxf4 Be4 32. Be2 Bxf3 33. Bxf3 Bxh4 34.
Bb7 Rd2 35. Bxa6 Bxf2+ 0-1

[Event "AUTO-ADV-871"]
[Site "http://www.queenalice.com/game.php?id=386547"]
[Date "2008.4.12"]
[Round "1"]
[White "THECRAZY"]
[Black "mymt"]
[Result "1/2-1/2"]
[WhiteElo "1891"]
[BlackElo "1894"]

1. d4 Nf6 2. c4 e5 3. dxe5 Ne4 4. Qd4 d5 5. g3 Bc5 6. Qxd5 Bxf2+ 7. Kd1 Nc6 8.
Qxd8+ Kxd8 9. Nd2 Bf5 10. Bg2 Nc5 11. Bxc6 bxc6 12. Ngf3 Ke7 13. Rf1 Be3 14. Nh4
Be6 15. b3 Rad8 16. Kc2 Bd4 17. Rb1 Bxe5 18. Ba3 Bd6 19. Nf5+ Kf8 20. e3 g6 21.
Nd4 Bd7 22. Bb2 Rg8 23. Rf2 Ne6 24. Ne4 Be7 25. Rbf1 Nxd4+ 26. Bxd4 Bf5 27. Kd3
c5 28. g4 Bxe4+ 29. Kxe4 cxd4 30. Rxf7+ Ke8 31. exd4 Rf8 32. Rxf8+ Bxf8 33. d5
Ke7 34. Ke5 Bg7+ 35. Ke4 Re8 36. Kd3 Kd6 37. Rf7 Re7 38. Rxe7 Kxe7 1/2-1/2

[Event "AUTO-ADV-871"]
[Site "http://www.queenalice.com/game.php?id=386548"]
[Date "2008.4.12"]
[Round "1"]
[White "mymt"]
[Black "THECRAZY"]
[Result "1-0"]
[WhiteElo "1874"]
[BlackElo "1965"]

1. e4 c5 2. Nf3 Nc6 3. d4 cxd4 4. Nxd4 Nf6 5. Nc3 a6 6. f4 e6 7. e5 Nd5 8. Nxd5
exd5 9. Nf3 Bc5 10. Qxd5 Qa5+ 11. Qd2 Qxd2+ 12. Bxd2 O-O 13. O-O-O b5 14. Bd3
Bb7 15. h4 a5 16. h5 Nb4 17. Bxb5 d6 18. a3 Bxf3 19. gxf3 Rfb8 20. Be2 Nd5 21.
h6 g6 22. f5 dxe5 23. fxg6 hxg6 24. h7+ Kg7 25. Bh6+ Kh8 26. Rxd5 Bd4 27. c3 Rc8
28. Kb1 Bb6 29. Rd6 Rab8 30. Bg5 Bd8 31. Rxd8+ Rxd8 32. Bf6# 1-0

[Event "AUTO-ADV-871"]
[Site "http://www.queenalice.com/game.php?id=386561"]
[Date "2008.4.12"]
[Round "1"]
[White "mymt"]
[Black "FPM"]
[Result "1-0"]
[WhiteElo "1846"]
[BlackElo "1898"]

1. e4 e6 2. d4 Nf6 3. e5 Nd5 4. Nf3 d6 5. c4 Ne7 6. Nc3 d5 7. c5 b6 8. b4 c6 9.
a4 Ba6 10. b5 Bb7 11. Bd3 bxc5 12. dxc5 Nd7 13. Be3 g6 14. Qd2 Bg7 15. Bd4 Nf5
16. Bxf5 gxf5 17. O-O Qe7 18. Rfe1 Nxc5 19. Bxc5 Qxc5 20. Rac1 Qb6 21. bxc6 Bxc6
22. Nd4 O-O 23. Nxc6 Qxc6 24. Nb5 Qa6 25. Nc7 Qxa4 26. Nxa8 Rxa8 27. Rc7 a5 28.
Rec1 Bxe5 29. Rc8+ Rxc8 30. Rxc8+ Kg7 31. Qg5# 1-0

[Event "AUTO-ADV-871"]
[Site "http://www.queenalice.com/game.php?id=386562"]
[Date "2008.4.12"]
[Round "1"]
[White "FPM"]
[Black "mymt"]
[Result "0-1"]
[WhiteElo "1870"]
[BlackElo "1877"]

1. e4 c5 2. c3 a6 3. d4 cxd4 4. cxd4 d5 5. e5 e6 6. Nf3 Nc6 7. Nbd2 Bb4 8. a3
Qa5 9. Be2 Nge7 10. O-O Bxd2 11. Bxd2 Qb6 12. Bc3 Bd7 13. Qc2 Rc8 14. Bd3 Nf5
15. Rab1 Nfxd4 16. Bxd4 Nxd4 17. Qd2 Nxf3+ 18. gxf3 f6 19. f4 O-O 20. Rfc1 Bc6
21. Rc2 fxe5 22. fxe5 Rf7 23. Qg5 Rcf8 24. Qh4 g6 25. Rf1 Qb3 26. Rd2 Rf4 27.
Qh3 d4 28. Qg3 Rf3 29. Qg4 Rxd3 30. Rxd3 Qxd3 31. Qxe6+ Kh8 32. Qg4 Bf3 33. Qg3
Rc8 34. Qf4 Kg8 35. Qf6 Qxf1+ 0-1

[Event "AUTO-ADV-871"]
[Site "http://www.queenalice.com/game.php?id=386563"]
[Date "2008.4.12"]
[Round "1"]
[White "mymt"]
[Black "rafajeff"]
[Result "1-0"]
[WhiteElo "1836"]
[BlackElo "1697"]

1. e4 e5 2. d4 Qf6 3. Nf3 Bd6 4. Bg5 Qg6 5. Bd3 h6 6. Bh4 Be7 7. O-O d6 8. dxe5
Bh3 9. Bg3 Bg4 10. exd6 cxd6 11. Nc3 Nf6 12. e5 Qh5 13. exf6 gxf6 14. Re1 O-O
15. Rxe7 Nc6 16. Nd5 Kg7 17. Nf4 Qb5 18. Bxb5 Nxe7 19. Qxd6 Nc8 20. Qd2 Ne7 21.
Nh4 Rfd8 22. Bd3 Rd7 23. h3 Be6 24. Nh5+ Kf8 25. Qxh6+ Ke8 26. Nxf6+ Kd8 27.
Nxd7 Kxd7 28. Rd1 Rc8 29. Bb5# 1-0

[Event "AUTO-ADV-871"]
[Site "http://www.queenalice.com/game.php?id=386564"]
[Date "2008.4.12"]
[Round "1"]
[White "rafajeff"]
[Black "mymt"]
[Result "0-1"]
[WhiteElo "1723"]
[BlackElo "1824"]

1. e4 c5 2. d4 cxd4 3. Qxd4 Nc6 4. Qe3 e5 5. Bc4 Nf6 6. h3 b6 7. Nf3 Bc5 8. Qg5
Bxf2+ 9. Ke2 O-O 10. Bd5 Bc5 11. Rd1 Bb7 12. Nxe5 Nxe4 13. Bxe4 Qxg5 14. Bxg5
Nd4+ 15. Kd3 Bxe4+ 16. Kc4 d5+ 17. Kc3 f6 18. Nd7 fxg5 19. Nxf8 Rxf8 20. b4 Nb5+
21. Kd2 Bxb4+ 22. Ke3 Bc5+ 23. Kd2 Rf2+ 24. Kc1 Rxc2# 0-1

[Event "Challenge"]
[Site "http://www.queenalice.com/game.php?id=386573"]
[Date "2008.4.12"]
[Round "-"]
[White "Gera"]
[Black "mymt"]
[Result "1-0"]
[WhiteElo "1811"]
[BlackElo "1893"]

1. d4 Nf6 2. c4 e5 3. dxe5 Ne4 4. h4 d6 5. Bf4 Nc6 6. Nf3 Bf5 7. a3 Qe7 8. Qd5
dxe5 9. Nxe5 Nxe5 10. Bxe5 Rd8 11. Qa5 Qd7 12. Qd5 Qa4 13. Qb5+ Qxb5 14. cxb5
Rd5 15. Bxc7 Rxb5 16. b4 Rxb4 17. axb4 Bxb4+ 18. Nd2 Bxd2+ 19. Kd1 O-O 20. Rh2
Rc8 21. f3 Nc3+ 22. Kxd2 Rxc7 23. Rc1 Nb5 24. e4 Rxc1 25. Kxc1 Bd7 26. Bxb5 Bxb5
27. Rh1 Kf8 28. Rd1 Ke7 29. Kb2 a6 30. Kc3 h6 31. Kb4 b6 32. e5 Bd7 33. Rd6 a5+
34. Kc4 b5+ 35. Kb3 Be6+ 36. Ka3 g5 37. hxg5 hxg5 38. g3 f6 39. f4 gxf4 40. gxf4
fxe5 41. fxe5 Bc8 42. Rb6 Bd7 43. Ra6 a4 44. Kb4 Kf7 45. Kc5 Ke7 46. Kd5 b4 47.
e6 Be8 48. Ke5 b3 49. Ra7+ Kf8 50. Kf6 b2 51. Rg7 Bg6 52. e7+ Ke8 53. Ke6 Bf5+
54. Kd6 Bd7 55. Rf7 1-0